LEADER 00896nam a2200205 i 4500 001 000000001617 003 CaOOAMICUS 005 20180830125435.0 008 180830s1874 it u000 u ita u 040 $aSeMil$bita 100 1 $aD'Annibale, Giuseppe <1815-1892>.$0(OLS)http://semarc/name/1460 245 10$aSummula theologiae moralis ad usum Seminarii reatini /$cauctore I. D'A. 260 $aReate :$bTypis Salvatoris Trinchi,$c1874-1876. 300 $a3 v. ;$c22 cm. 650 4$aTeologia morale.$0(OLS)http://semarc/subject/91 774 0 $tProlegomena.$g1$w()49183 774 0 $tObligationibus quae omnibus hominibus communes sunt.$g2$w()217003 774 0 $tObligationibus christianorum propriis.$g3$w()217004 996 $6245$aSummula theologiae moralis ad usum Seminarii reatini$9(OLS)http://semarc/title/2636 996 $6260$aReate :$bTypis Salvatoris Trinchi$9(OLS)http://semarc/publisher/30320 LEADER 01137nam a2200289 i 4500 001 000000191623 003 CaOOAMICUS 005 20251201103830.0 008 100812s1987 it u000 u ita u 013 $a170193 020 $a88-02-04131-8 040 $aSeMil$bita 100 1 $aGolding, William,$d<1911-1993>.$0(OLS)http://semarc/name/32773 240 13$aIl signore delle mosche ; Riti di passaggio : Gli uomini di carta.$0(OLS)http://semarc/title/276127 245 10$aWilliam Golding. 260 $aTorino :$bUTET,$cstampa 1987. 300 $aXXXII, 735 p., [1] c. di ritr. ;$c18 cm. 490 0 $aScrittori del mondo: i Nobel 500 $aSul dorso: Premio Nobel 1983. 830 0$aScrittori del mondo: i Nobel.$0(OLS)http://semarc/title/25869 850 $aSeMil 852 $aSeMil$W1$xVenegono$y1$m1W I 278$j142237$B142237$CSeMilBibl$Z2$F153754 $81 961 $aOmaggio: Sacchi don Luigi 996 $6020$a88-02-04131-8$9(OLS)http://semarc/number/182753 996 $6245$aWilliam Golding$9(OLS)http://semarc/title/276126 996 $6260$aTorino :$bUTET$9(OLS)http://semarc/publisher/29621